banner koha

Colonizacao dirigida e diferenciacao socio-economica na Amazonia: o nucleo de Itaituba-Para [Brasil] (Registro n. 109100)

MARC details
000 -LÍDER
campo de controle de tamanho fixo 01064nas a2200325 4500
001 - NÚMERO DE CONTROLE
campo de controle BR8201549
003 - IDENTIFICADOR DO NÚMERO DE CONTROLE
campo de controle BR-BrBNA
005 - DATA E HORÁRIO DA ÚLTIMA TRANSAÇÃO
campo de controle 20231205085101.0
007 - CAMPO FIXO DE DESCRIÇÃO FÍSICA--INFORMAÇÃO GERAL
campo de controle de tamanho fixo ta
008 - CAMPO DE DADOS FIXOS--INFORMAÇÃO GERAL
campo de controle de tamanho fixo 230509b bl.|||p| |||| 00| 00por d
040 ## - FONTE DA CATALOGAÇÃO
Instituição da catalogação original BR-BrBNA
Idioma da catalogação por
Instituição que transcreveu o registro Biblioteca Nacional de Agricultura
041 ## - CÓDIGO DE IDIOMA
Código do idioma do texto/trilha sonora ou título diferente (Pt)
072 ## - CÓDIGO DE CATEGORIA DE ASSUNTO
Código de Categoria de Assunto E50
100 1# - ENTRADA PRINCIPAL--NOME PESSOAL
Nome pessoal Botelho, V.L.
100 1# - ENTRADA PRINCIPAL--NOME PESSOAL
Nome pessoal Francisco, D.G.
100 1# - ENTRADA PRINCIPAL--NOME PESSOAL
Nome pessoal Castro, L.M.B. de
100 1# - ENTRADA PRINCIPAL--NOME PESSOAL
Nome pessoal Cunha, A. dos S.
100 1# - ENTRADA PRINCIPAL--NOME PESSOAL
Nome pessoal Cunha, V. de J.
100 1# - ENTRADA PRINCIPAL--NOME PESSOAL
Nome pessoal Botelho, F.
245 1# - TÍTULO
Título Colonizacao dirigida e diferenciacao socio-economica na Amazonia: o nucleo de Itaituba-Para [Brasil]
Restante do título Parte de tese
246 1# - FORMA VARIANTE DO TÍTULO
Título/título abreviado [Directed colonization and socio-economic differences in the Amazon; the Itaituba-Para nucleus [Brazil]]
Restante do título [Part of Thesis]
650 ## - ASSUNTO--TERMO TÓPICO
Cabeçalho tópico ou nome geográfico SOCIOLOGIA RURAL
650 ## - ASSUNTO--TERMO TÓPICO
Cabeçalho tópico ou nome geográfico COLONIZACAO
650 ## - ASSUNTO--TERMO TÓPICO
Cabeçalho tópico ou nome geográfico NIVEL DE VIDA
650 ## - ASSUNTO--TERMO TÓPICO
Cabeçalho tópico ou nome geográfico AMAZONIA
650 ## - ASSUNTO--TERMO TÓPICO
Cabeçalho tópico ou nome geográfico PARA
773 0# - ENTRADA ANALÍTICA
Título Seiva (Brazil)
ISSN - International Standard Serial Number ISSN 0037-1122
Partes relacionadas (Jan 1982), v. 42(89) p. 28-40
Número de controle do registro BR8201549
909 ## -
-- 202311
-- Lúcia
-- 55
-- Lúcia Elande
942 ## - ELEMENTOS DE ENTRADA ADICIONADOS (KOHA)
Fonte da classificação ou esquema de arquivamento na estante Classificação AGRIS
Ocultar no OPAC Não
Tipo de material Koha Analítica
Exemplares
Situação do descarte Fonte da classificação ou esquema de arquivamento na estante Situação física Não pode ser emprestado Biblioteca de origem Biblioteca atual Localização na estante Enumeração do periódico / cronologia Total de empréstimos Data de último acesso Número do exemplar Tipo de material Koha Fonte de aquisição
  Classificação AGRIS   Consulta local Biblioteca Nacional de Agricultura - Binagri Biblioteca Nacional de Agricultura - Binagri   (Jan 1982), v. 42(89) p. 28-40   29/11/2023 01 Periódicos Portaria Interministerial nº 164/94

BINAGRI

Telefone: (61)3218-2567/2388/3357/2097 - binagri@agro.gov.br

Ministério da Agricultura e Pecuária , Esplanada dos Ministérios, Bloco D, Anexo B, Brasília/DF, CEP: 70.043-900